Sports Quiz

Random Sports or Tennis Quiz

Men's French Open Champions (clickable) Quiz Stats

 Plays Quiz not verified by Sporcle

Also try: NFL 10-0 Starts
Challenge
Share
Tweet
Embed
Score 0/25 Timer 05:00
0 Plays Today
% Correct
Andre Agassi
98.3%
Rafael Nadal
96.7%
Björn Borg
95.9%
Roger Federer
95%
Ivan Lendl
94.2%
Jim Courier
94.2%
Gustavo Kuerten
94.2%
Carlos Moyà
93.4%
Mats Wilander
92.6%
Michael Chang
91.7%
Guillermo Vilas
90.1%
Juan Carlos Ferrero
89.3%
Ilie Năstase
87.6%
% Correct
Rod Laver
86%
Gastón Gaudio
84.3%
Yannick Noah
80.2%
Thomas Muster
80.2%
Albert Costa
80.2%
Yevgeny Kafelnikov
76.9%
Andrés Gómez
76%
Sergi Bruguera
76%
Ken Rosewall
70.2%
Adriano Panatta
62%
Jan Kodeš
57%
Andrés Gimeno
54.5%

You're not logged in!

Compare scores with friends on all Sporcle quizzes.
OR
Log In

You Might Also Like...

Show Comments

Extras

Top Quizzes Today


Score Distribution

Your Account Isn't Verified!

In order to create a playlist on Sporcle, you need to verify the email address you used during registration. Go to your Sporcle Settings to finish the process.

Report this User

Report this user for behavior that violates our Community Guidelines.

Details: